Wiadomości z 2018 roku – Podaj nazwę państwa - Statystyki

Ogólne statystyki
  • Ten quiz został rozwiązany 1 611 razy
  • Średni wynik to 7 z 17
Statystyki odpowiedzi
Wiadomość Państwo % Poprawnych
Zniesiono ograniczenia kadencyjne, co pozwoliło Xi Jinpingowi pozostać u władzy na czas nieokreślony Chiny
99%
...i zwycięzca Francja
69%
W tym państwie odbyły się Mistrzostwa Świata w Piłce Nożnej Rosja
69%
Starbucks otworzył swój pierwszy lokal w tym kraju, w miejscu, w którym po raz pierwszy wynaleziono espresso Włochy
61%
Te państwo zdobyło najwięcej medali, powiększając tym samym swoją przewagę w historii zimowych igrzysk olimpijskich Norwegia
58%
W tym państwie odbyły się Zimowe Igrzyska Olimpijskie Korea Południowa
51%
Stany Zjednoczone wycofały się z umowy nuklearnej z tym państwem Iran
49%
Szacuje się, że inflacja przekroczyła 1 milion procent Wenezuela
49%
Eliud Kipchoge, biegacz z tego państwa, pobił rekord świata w maratonie, osiągając niesamowity czas 2:01:39 Kenia
45%
Prawicowy polityk populistyczny Jair Bolsonaro został wybrany na prezydenta Brazylia
37%
Młodzieżowa drużyna piłkarska uratowana z zalanej jaskini (nie dzięki Elonowi Muskowi) Tajlandia
33%
Lewicowy polityk populistyczny Andrés Manuel López Obrador został wybrany na prezydenta Meksyk
28%
Trump ogłosił, że ​​wszystkie siły USA natychmiast wycofały się z tego kraju Syria
22%
Dżamal Chaszukdżi, dziennikarz-dysydent z tego kraju, został brutalnie zamordowany Arabia Saudyjska
20%
Te państwo stało się dopiero drugim, który zalegalizował sprzedaż marihuany rekreacyjnej Kanada
19%
Państwo, w którym doszło do powyższego morderstwa Turcja
17%
W obliczu licznych zarzutów korupcyjnych Jacob Zuma ostatecznie zrezygnował ze stanowiska prezydenta tego kraju Republika Południowej Afryki
15%
Nie znaleziono quizów pasujących do podanych kryteriów
Rozkład punktacji
Procent ludzi z każdym wynikiem
Percentyl według liczby udzielonych odpowiedzi
Twoja historia wyników
Nie rozwiązałeś tego quizu